Metoula-Sprachführer (Record no. 10721)
[ view plain ]
| 000 -CABECERA | |
|---|---|
| campo de control de longitud fija | 00674nam a2200229 a 4500 |
| 001 - NÚMERO DE CONTROL | |
| campo de control | BRL_1913 |
| 005 - FECHA Y HORA DE LA ÚLTIMA TRANSACCIÓN | |
| campo de control | 20190320211431.0 |
| 008 - DATOS DE LONGITUD FIJA--INFORMACIÓN GENERAL | |
| campo de control de longitud fija | 170815s1931----gw-#######---#000-0#ger-# |
| 041 ## - CÓDIGO DE LENGUA | |
| Código de lengua del texto/banda sonora o título independiente | gerfre |
| 044 ## - CÓDIGO DEL PAÍS DE LA ENTIDAD EDITORA/PRODUCTORA | |
| Código MARC del país | gw |
| 050 #4 - SIGNATURA TOPOGRÁFICA DE LA BIBLIOTECA DEL CONGRESO | |
| Número de clasificación | PC2129.G3 |
| Número de documento/Ítem | .H45 1931 |
| 100 1# - ENTRADA PRINCIPAL--NOMBRE DE PERSONA | |
| Nombre de persona | Hellwing, Karl |
| 9 (RLIN) | 28217 |
| 245 10 - MENCIÓN DE TÍTULO | |
| Título | Metoula-Sprachführer |
| Resto del título | französisch |
| Mención de responsabilidad, etc. | von Dr. Karl Hellwing |
| 260 ## - PUBLICACIÓN, DISTRIBUCIÓN, ETC. | |
| Lugar de publicación, distribución, etc. | Berlin |
| Nombre del editor, distribuidor, etc. | Langenscheidstche Verlangsbuchhandlung |
| Fecha de publicación, distribución, etc. | 1931 |
| 300 ## - DESCRIPCIÓN FÍSICA | |
| Extensión | 184, 15 p. |
| Otras características físicas | il. |
| Dimensiones | 14 cm. |
| 440 #0 - MENCIÓN DE SERIE/PUNTO DE ACCESO ADICIONAL--TÍTULO | |
| Título | Metoula-Sprachführer |
| 9 (RLIN) | 17179 |
| 500 ## - NOTA GENERAL | |
| Nota general | Au2152 |
| 500 ## - NOTA GENERAL | |
| Nota general | Texto en: Alemán y frances |
| 650 14 - PUNTO DE ACCESO ADICIONAL DE MATERIA--TÉRMINO DE MATERIA | |
| Término de materia o nombre geográfico como elemento de entrada | Frances |
| Subdivisión general | Libros de lectura - Alemán |
| 9 (RLIN) | 28218 |
| 902 ## - CATALOGADOR | |
| Iniciales | GRL |
| 942 ## - ELEMENTOS DE PUNTO DE ACCESO ADICIONAL (KOHA) | |
| Fuente del sistema de clasificación o colocación | Library of Congress Classification |
| Tipo de ítem Koha | Libros |
| Estado de retiro | Estado de pérdida | Estado dañado | No para préstamo | Localización permanente | Ubicación/localización actual | Fecha de adquisición | Número de inventario | Total de préstamos | Signatura topográfica completa | Código de barras | Fecha visto por última vez | Precio válido a partir de | Tipo de ítem Koha |
|---|---|---|---|---|---|---|---|---|---|---|---|---|---|
| El ejemplar forma parte de la colección y puede ser consultado según las políticas vigentes. | Biblioteca Centro de Estudios Ruth D. Lechuga | Biblioteca Centro de Estudios Ruth D. Lechuga | 17/08/2015 | Au2152 | PC2129.G3 .H45 1931 (Au2152) | GRL02119 | 22/03/2019 | 22/03/2019 | Libros |